South Eastern Kenya University

Library Online Public Access Catalogue


Diploma in electrical and electronic technology/ (Record no. 17942)

MARC details
000 -LEADER
fixed length control field 00458nam a22001697a 4500
003 - CONTROL NUMBER IDENTIFIER
control field OSt
005 - DATE AND TIME OF LATEST TRANSACTION
control field 20210618100720.0
008 - FIXED-LENGTH DATA ELEMENTS--GENERAL INFORMATION
fixed length control field 210618b ||||| |||| 00| 0 eng d
040 ## - CATALOGING SOURCE
Original cataloging agency SEKU
050 ## - LIBRARY OF CONGRESS CALL NUMBER
Classification number TK 146
Item number .K46
110 ## - MAIN ENTRY--CORPORATE NAME
Relator code KIE
245 ## - TITLE STATEMENT
Title Diploma in electrical and electronic technology/
Remainder of title power option, syllabus and regulations
260 ## - PUBLICATION, DISTRIBUTION, ETC. (IMPRINT)
Place of publication, distribution, etc. Nairobi: Kenya;
Name of publisher, distributor, etc. KIE,
Date of publication, distribution, etc. 2009.
300 ## - PHYSICAL DESCRIPTION
Extent 265P.:
650 ## - SUBJECT ADDED ENTRY--TOPICAL TERM
Topical term or geographic name as entry element Electrical engeering
942 ## - ADDED ENTRY ELEMENTS (KOHA)
Source of classification or shelving scheme Library of Congress Classification
Koha item type General circulation
Holdings
Withdrawn status Lost status Source of classification or shelving scheme Damaged status Not for loan Home library Current library Date acquired Total Checkouts Total Renewals Full call number Barcode Checked out Date last seen Date last checked out Price effective from Koha item type Shelving location
    Library of Congress Classification     Main Campus Library Main Campus Library 18/06/2021 4 1 TK 146 .K46 2021/025118 22/06/2025 22/05/2025 22/05/2025 18/06/2021 General circulation  
    Library of Congress Classification     Main Campus Library Main Campus Library 18/06/2021 2   TK 146 .K46 2021/025208 06/09/2024 06/09/2022 06/09/2022 18/06/2021 Shortloan Shortloan
Kitui, Kenya.
+254736116989
library@seku.ac.ke